Válka o Uber : příběh zběsilé ctižádosti /
Kapitoly popisují historii a růst americké společnosti Uber.
Uloženo v:
| Hlavní autor: | |
|---|---|
| Další autoři: | |
| Médium: | E-kniha |
| Jazyk: | Czech |
| Vydáno: |
V Brně :
Jan Melvil Publishing,
2021
|
| Vydání: | Vydání první |
| Edice: | Hvězdy (Jan Melvil)
|
| Témata: | |
| Tagy: |
Žádné tagy |
| LEADER | 03022nam a2200781 i 4500 | ||
|---|---|---|---|
| 001 | 311311 | ||
| 003 | CZ PrSKC | ||
| 005 | 20260601215703.0 | ||
| 007 | ta | ||
| 008 | 210430s2021 xr e 001 0dcze | ||
| 015 | |a cnb003322110 | ||
| 020 | |a 9788075551269 |q (vázáno) | ||
| 035 | |a (OCoLC)1260123560 | ||
| 040 | |a BOA001 |b cze |d OLA001 |e rda | ||
| 041 | 1 | |a cze |h eng | |
| 043 | |a n-us--- | ||
| 045 | |a y-y- | ||
| 072 | 7 | |a 658 |x Řízení a správa podniku |2 Konspekt | |
| 080 | |a 658.114-051 |2 MRF | ||
| 080 | |a 347.72 |2 MRF | ||
| 080 | |a 658.114 |2 MRF | ||
| 080 | |a 334.72 |2 MRF | ||
| 080 | |a 656.131 |2 MRF | ||
| 080 | |a 316.472.4 |2 MRF | ||
| 080 | |a 338:347.453 |2 MRF | ||
| 080 | |a 658:17.024.4 |2 MRF | ||
| 080 | |a (73) |2 MRF | ||
| 080 | |a (0:82-96) |2 MRF | ||
| 100 | 1 | |a Isaac, Mike, |d 1984- |7 xx0259826 |4 aut | |
| 240 | 1 | 0 | |a Super pumped. |l Česky |
| 245 | 1 | 0 | |a Válka o Uber : |b příběh zběsilé ctižádosti / |c Mike Isaac ; překlad Eva Nevrlá |
| 250 | |a Vydání první | ||
| 264 | 1 | |a V Brně : |b Jan Melvil Publishing, |c 2021 | |
| 300 | |a 383 stran ; |c 24 cm | ||
| 336 | |a text |b txt |2 rdacontent | ||
| 337 | |a bez média |b n |2 rdamedia | ||
| 338 | |a svazek |b nc |2 rdacarrier | ||
| 490 | 1 | |a Hvězdy | |
| 500 | |a Přeloženo z angličtiny | ||
| 504 | |a Obsahuje bibliografické odkazy a rejstřík | ||
| 520 | 2 | |a Kapitoly popisují historii a růst americké společnosti Uber. | |
| 600 | 1 | 7 | |a Kalanick, Travis, |d 1976- |7 jo2018995063 |2 czenas |
| 610 | 2 | 7 | |a Uber (firma) |7 ko2018995038 |2 czenas |
| 648 | 7 | |a 20.-21. století |7 ch462155 |2 czenas | |
| 648 | 7 | |a 20. století |7 ch460558 |2 czenas | |
| 650 | 0 | 7 | |a podnikatelé |7 ph124163 |z Spojené státy americké |y 20.-21. století |2 czenas |
| 650 | 0 | 7 | |a podnikání |7 ph115766 |z Spojené státy americké |y 21. století |2 czenas |
| 650 | 0 | 7 | |a firmy |7 ph120256 |z Spojené státy americké |y 21. století |2 czenas |
| 650 | 0 | 7 | |a taxislužba |7 ph126453 |2 czenas |
| 650 | 0 | 7 | |a sociální sítě |7 ph125817 |2 czenas |
| 650 | 0 | 7 | |a sdílená ekonomika |7 ph972056 |2 czenas |
| 650 | 0 | 7 | |a úspěch v podnikání |7 ph286292 |2 czenas |
| 650 | 0 | 9 | |a businessmen |z United States |y 20th-21st centuries |2 eczenas |
| 650 | 0 | 9 | |a business |z United States |y 21st century |2 eczenas |
| 650 | 0 | 9 | |a firms |z United States |y 21st century |2 eczenas |
| 650 | 0 | 9 | |a taxi |2 eczenas |
| 650 | 0 | 9 | |a social networks |2 eczenas |
| 650 | 0 | 9 | |a sharing economy |2 eczenas |
| 650 | 0 | 9 | |a success in business |2 eczenas |
| 655 | 7 | |a literatura faktu |7 fd132773 |2 czenas | |
| 655 | 9 | |a non-fiction |2 eczenas | |
| 700 | 1 | |a Nevrlá, Eva |7 xx0103050 |4 trl | |
| 830 | 0 | |a Hvězdy (Jan Melvil) | |
| 900 | |a ABA001 |b 20 | ||
| 044 | |a xr | ||
| 910 | |a RBIT002 | ||
| 998 | |d 316508 |a https://core.palmknihy.cz/api/books/316508/cover?qrt5e7 |b https://core.palmknihy.cz/api/books/316508/cover/400?qrt5e7 |c https://core.palmknihy.cz/api/books/316508/cover/50?qrt5e7 |e |g 384 |i 9788075551269 |j https://core.palmknihy.cz/api/books/316508/preview.epub |l |q 49 |r 1 |s https://www.palmknihy.cz/kniha/316508 |t ebook |y 2021 |z 0 | ||
| 999 | |d 311309 | ||